1473 1116 1272 1466 1398 1695 1891 1052 1756 1238 1452 1129 1658 1530 1857 1965 1609 1715 1729 1188 1868 1503 1035 1790 1138 1857 1486 1037 1528 1028 1376 1714 1074 1867 1610 1930 1938 1236 1987 1764 1053 1715 1606 1683 1320 1518 1705 1681 1661 1583 1603 1749 1945 1514 1009 1056 1898 1602 1525 1637 1996 1541 1387 1480 1771 1319 1575 1915 1051 1451 1706 1124 1279 1107 1011 1649 1900 1707 1413 1334 1249 1557 1722 1344 1900 1835 1302 1208 1686 1386 1059 1704 1225 1245 1598 1822 1233 1672 1850 BCNSPRNW ULIB Ver.6.0+V

เปลี่ยนเป็นภาษาไทย

Change to English
 แสดงรายละเอียดบรรณานุกรม
  กลับหน้าหลัก

Brief Record : Get Marc (ISO 2709) : E-mail record : QR code < ปิดหน้าต่าง
LEADER : 00000nam 2200000uu 4500
001    13399114099
003     ULIB
008    120216s2554||||th 000 0 tha d
020    ^a 9786161106287
060 04 ^aWY32^bส226พ
110 2  ^aสภาการพยาบาล
245 10 ^aพระราชบัญญัติวิชาชีพการพยาบาลและการผดุงครรภ์ พ.ศ.2528 และที่แก้ไขเพิ่มเติมโดยพระราชบัญญัติวิชาชีพการพยาบาลและการผดุงครรภ์ (ฉบับที่ 2) พ.ศ.2540 /^cสภาการพยาบาล
246    ^a Professional Nursing and midwifery act B.E.2528 (1985) Revision of the act B.E.2540(1997)
250    ^aพิมพ์ครั้งที่ 1
260    ^aกรุงเทพฯ :^bจุดทอง,^c2554
300    ^a 80 หน้า ;^c29 ซม.
500    ^a เนื้อหาภาษาไทยและภาษาอังกฤษ
650  4 ^aการพยาบาล^xกฎหมายและระเบียบข้อบังคับ
710    ^a Thailand Nursing and Midwifery Council.
710    ^a สภาการพยาบาล
945    ^p100^l0^i18717
945    ^p100^l0^i18718
945    ^p100^l0^i18719
945    ^p100^l0^i18720
945    ^p100^l0^i18721
995    ^a เกษร
999    ^aใช้งานได้ทุกระบบ
รายการนี้ยังไม่มีแท็ก
คุณยังไม่ได้ล็อกอิน คุณสามารถมีกิจกรรมร่วมกับเว็บไซต์ได้ แต่ต้องล็อกอินก่อน ::
  ล็อกอิน

รายการสื่อสารสนเทศ

ลำดับที่ ประเภท เลขเรียก/บาร์โค้ด สถานที่ สถานะ
1. วิทยาศาสตร์การแพทย์ และสุขภาพ
วิทยาศาสตร์การแพทย์ และสุขภาพ
สถานะ=หนังสือเก่า
WY32 ส226พ ฉ.1 
  Barcode: 18717
ห้องสมุดวิทยาเขตนครสวรรค์
►ส่วนจัดเก็บหนังสือเก่า นว.
บนชั้น
  ขอยืม
2. วิทยาศาสตร์การแพทย์ และสุขภาพ
วิทยาศาสตร์การแพทย์ และสุขภาพ
สถานะ=หนังสือเก่า
WY32 ส226พ ฉ.2 
  Barcode: 18718
ห้องสมุดวิทยาเขตนครสวรรค์
►ส่วนจัดเก็บหนังสือเก่า นว.
บนชั้น
  ขอยืม
3. วิทยาศาสตร์การแพทย์ และสุขภาพ
วิทยาศาสตร์การแพทย์ และสุขภาพ
สถานะ=หนังสือเก่า
WY32 ส226พ ฉ.3 
  Barcode: 18719
ห้องสมุดวิทยาเขตนครสวรรค์
►ส่วนจัดเก็บหนังสือเก่า นว.
บนชั้น
  ขอยืม
4. วิทยาศาสตร์การแพทย์ และสุขภาพ
วิทยาศาสตร์การแพทย์ และสุขภาพ
สถานะ=หนังสือเก่า
WY32 ส226พ ฉ.4 
  Barcode: 18720
ห้องสมุดวิทยาเขตนครสวรรค์
►ส่วนจัดเก็บหนังสือเก่า นว.
บนชั้น
  ขอยืม
5. วิทยาศาสตร์การแพทย์ และสุขภาพ
วิทยาศาสตร์การแพทย์ และสุขภาพ
สถานะ=หนังสือเก่า
WY32 ส226พ ฉ.5 
  Barcode: 18721
ห้องสมุดวิทยาเขตนครสวรรค์
►ส่วนจัดเก็บหนังสือเก่า นว.
บนชั้น
  ขอยืม

รายการใกล้เคียง
    หัวเรื่อง [การพยาบาล กฎหมายและระเบียบข้อบังคับ]

BibComment


ยังไม่เคยถูกคอมเมนท์

คอมเมนท์ทรัพยากรรายการนี้
  คอมเมนท์: พระราชบัญญัติวิช..


 Copyright 2026. Bcnsprnw @Library